00419 2200157 4500001002100000005001700021006001900038008004100057020002200098035002500120090001400145100002300159245003200182260003000214990001700244INLIS00000000000843020130916144550.0a ||| | 180719| ||| |  a978-979-29-2216-5 a0010-081300000000067 a306 DES s0 aFiva S || Dessy D.00aSMS Romantis & Gombal Abiss aYogyakartabG-Mediac2010 a8596/PN/2013